000 00367nam a2200157Ia 4500
008 210210b1946 xxu||||| |||| 00| 0 eng d
041 _aeng
082 _a829/1029
100 _aStevenson (R L)
245 _aTreasure Island
260 _aNew York
_bPenguin Books
_c1946
650 _aTreasure
650 _aIsland
690 _aEnglish Fiction
906 _a017644
999 _c137628
_d137628